[Event "Quebec-ch classe"]
[Site "Repentigny CAN"]
[Date "2003.11.23"]
[Round "5"]
[White "Hebert, Jean"]
[Black "Bolduc, Steve"]
[Result "0-1"]
[WhiteElo "2450"]
[BlackElo "2314"]
[PlyCount "84"]
[GameId "2160767911234435"]
[EventDate "2003.11.21"]
[EventType "swiss"]
[EventRounds "5"]
[EventCountry "CAN"]
[SourceTitle "EXT 2022"]
[Source "ChessBase"]
[SourceDate "2021.10.06"]
[SourceVersion "1"]
[SourceVersionDate "2021.10.06"]
[SourceQuality "1"]

1. c4 c5 2. Nf3 Nc6 3. d4 cxd4 4. Nxd4 g6 5. e4 Bg7 6. Nc2 d6 7. Bd3 Be6 8. Ne3 Nh6 9. O-O O-O 10. Nc3 f5 11. exf5 Nxf5 12. Nxf5 Bxf5 13. Bxf5 Rxf5 14. Nd5 e6 15. Ne3 Rf7 16. Rb1 h5 17. b3 Qh4 18. Bb2 Nd4 19. Bxd4 Bxd4 20. Qd3 Kg7 21. g3 Qf6 22. f4 a5 23. Kg2 Bc5 24. a4 Raf8 25. Rbe1 g5 26. Nd1 gxf4 27. Rxf4 Qh6 28. Rxf7+ Rxf7 29. Qe2 h4 30. gxh4 Qxh4 31. Qe4 Qg5+ 32. Kh1 Qf6 33. Kg2 Kf8 34. h3 Bd4 35. Qe2 Qg5+ 36. Qg4 Qd2+ 37. Qe2 Rg7+ 38. Kh2 Qf4+ 39. Kh1 Rg3 40. Qh5 Rf3 41. Qg4 Rf1+ 42. Kg2 Qxg4+ 0-1

[Event "Quebec op"]
[Site "Montreal CAN"]
[Date "2003.07.19"]
[Round "1"]
[White "Hebert, Jean"]
[Black "Voloaca, Mihnea"]
[Result "1-0"]
[WhiteElo "2422"]
[BlackElo "2217"]
[PlyCount "93"]
[GameId "2160767911293681"]
[EventDate "2003.07.12"]
[EventType "swiss"]
[EventRounds "9"]
[EventCountry "CAN"]
[SourceTitle "CBM 095 Extra"]
[Source "ChessBase"]
[SourceDate "2003.09.04"]
[SourceVersion "1"]
[SourceVersionDate "2003.09.04"]
[SourceQuality "1"]

1. Nf3 d5 2. c4 c6 3. b3 Nf6 4. Bb2 e6 5. g3 Nbd7 6. Bg2 Bd6 7. O-O O-O 8. d4 Re8 9. Nc3 dxc4 10. bxc4 e5 11. e3 Qe7 12. a4 h6 13. Qc2 Nh7 14. Rfd1 e4 15. Nd2 f5 16. Qb3 Kh8 17. Ba3 Bxa3 18. Qxa3 Qf7 19. a5 a6 20. Na4 Qh5 21. Qd6 Ng5 22. Re1 Nh3+ 23. Bxh3 Qxh3 24. f3 exf3 25. Nxf3 Qg4 26. Qf4 Nf6 27. Nb6 Ra7 28. Ne5 Qh5 29. Qf3 Qxf3 30. Nxf3 Nd7 31. Rab1 Nxb6 32. Rxb6 Be6 33. Ne5 Kh7 34. h4 g6 35. Kf2 Kg7 36. Reb1 Re7 37. R1b4 Kf6 38. Nd3 Kg7 39. Nc5 Bc8 40. d5 Re5 41. Nd3 Re4 42. dxc6 bxc6 43. Rxc6 Bd7 44. Rd6 Rc7 45. Nf4 g5 46. Nd5 Ra7 47. Nf6 1-0

[Event "Quebec op"]
[Site "Montreal CAN"]
[Date "2003.07.13"]
[Round "3"]
[White "McDonough, Jonathan"]
[Black "Hebert, Jean"]
[Result "0-1"]
[WhiteElo "2040"]
[BlackElo "2455"]
[PlyCount "56"]
[GameId "2160767911293717"]
[EventDate "2003.07.12"]
[EventType "swiss"]
[EventRounds "9"]
[EventCountry "CAN"]

1. d4 Nf6 2. c4 e6 3. Nc3 Bb4 4. e3 c5 5. Bd3 Nc6 6. Nf3 Bxc3+ 7. bxc3 d6 8. e4 e5 9. d5 Ne7 10. Bg5 Ng6 11. g3 h6 12. Bd2 Bh3 13. Qe2 Qa5 14. Nh4 O-O 15. f3 Nxh4 16. gxh4 Nh5 17. Qf2 Kh8 18. Bf1 Bxf1 19. Rxf1 f5 20. Qg2 Nf4 21. Qg3 Rf6 22. exf5 Rxf5 23. Kf2 Qa4 24. Bxf4 Rxf4 25. Qg6 Rf6 26. Qd3 Raf8 27. Kg3 Rf4 28. Qb1 Qxc4 0-1

[Event "Quebec op"]
[Site "Montreal CAN"]
[Date "2003.07.21"]
[Round "4"]
[White "Hua, Lefong"]
[Black "Hebert, Jean"]
[Result "1-0"]
[WhiteElo "2267"]
[BlackElo "2422"]
[PlyCount "79"]
[GameId "2160767911293742"]
[EventDate "2003.07.12"]
[EventType "swiss"]
[EventRounds "9"]
[EventCountry "CAN"]
[SourceTitle "CBM 095 Extra"]
[Source "ChessBase"]
[SourceDate "2003.09.04"]
[SourceVersion "1"]
[SourceVersionDate "2003.09.04"]
[SourceQuality "1"]

1. d4 Nf6 2. c4 e6 3. Nc3 Bb4 4. e3 c5 5. Nge2 cxd4 6. exd4 O-O 7. a3 Be7 8. d5 exd5 9. cxd5 Re8 10. g3 Bc5 11. Bg2 d6 12. h3 Bf5 13. O-O Nbd7 14. g4 Be4 15. Ng3 Bxg2 16. Kxg2 Ne5 17. g5 Nfd7 18. h4 g6 19. Nce4 a5 20. f4 Nc4 21. Qd3 b5 22. b3 Ncb6 23. Bb2 b4 24. a4 Re7 25. Nf6+ Nxf6 26. Bxf6 Re3 27. Qxe3 Bxe3 28. Bxd8 Rxd8 29. Kf3 Bc5 30. Rad1 Nd7 31. Ne4 Kg7 32. h5 gxh5 33. Rh1 Kg6 34. Ng3 Re8 35. Rde1 Rxe1 36. Rxe1 h4 37. Ne4 Kf5 38. Rh1 Nb6 39. Rxh4 Nxd5 40. Rh6 1-0

[Event "Quebec op"]
[Site "Montreal CAN"]
[Date "2003.07.22"]
[Round "6"]
[White "Gilman, Arkadiy"]
[Black "Hebert, Jean"]
[Result "0-1"]
[WhiteElo "2237"]
[BlackElo "2422"]
[PlyCount "62"]
[GameId "2160767911293782"]
[EventDate "2003.07.12"]
[EventType "swiss"]
[EventRounds "9"]
[EventCountry "CAN"]
[SourceTitle "CBM 095 Extra"]
[Source "ChessBase"]
[SourceDate "2003.09.04"]
[SourceVersion "1"]
[SourceVersionDate "2003.09.04"]
[SourceQuality "1"]

1. d4 Nf6 2. c4 e6 3. Nf3 c5 4. d5 exd5 5. cxd5 g6 6. Nc3 d6 7. e4 a6 8. a4 Bg4 9. Be2 Bxf3 10. Bxf3 Nbd7 11. O-O Bg7 12. Bf4 Qb8 13. Qc2 O-O 14. Nb1 Re8 15. a5 Ne5 16. Be2 h6 17. Nd2 Nfd7 18. Be3 g5 19. Rfe1 Nf6 20. Nf1 Neg4 21. Bxg4 Nxg4 22. Ng3 Be5 23. Qe2 Nxe3 24. Qxe3 Qd8 25. Nf5 Qf6 26. Ra3 c4 27. Qe2 c3 28. Qg4 cxb2 29. Rh3 Rac8 30. Rxh6 Rc1 31. g3 Rxe1+ 0-1

[Event "Quebec op"]
[Site "Montreal CAN"]
[Date "2003.07.18"]
[Round "8"]
[White "Audet-Bouchard, Nicolas"]
[Black "Hebert, Jean"]
[Result "0-1"]
[WhiteElo "2134"]
[BlackElo "2455"]
[PlyCount "88"]
[GameId "2160767911302004"]
[EventDate "2003.07.12"]
[EventType "swiss"]
[EventRounds "9"]
[EventCountry "CAN"]

1. e4 g6 2. d4 d6 3. Nc3 c6 4. f4 d5 5. e5 h5 6. Bd3 Nh6 7. Nf3 Bf5 8. Be2 e6 9. h3 h4 10. Be3 Nd7 11. Bf2 Be7 12. Qd2 b5 13. Ng5 Ng8 14. Nd1 a5 15. Ne3 Bxg5 16. Nxf5 exf5 17. fxg5 Nf8 18. a4 b4 19. c4 bxc3 20. Qxc3 Ne7 21. Be3 Ne6 22. O-O Rb8 23. Bd2 Rb4 24. Qa3 Rxd4 25. Bc3 Re4 26. Bd3 Re3 27. Bd2 Rg3 28. Rf3 Rxf3 29. gxf3 O-O 30. f4 Qb6+ 31. Kg2 c5 32. Bb5 Nc6 33. Qf3 Ncd4 34. Qf1 Rb8 35. Bc3 Nc2 36. Re1 Nxe1+ 37. Qxe1 Nxf4+ 38. Kf3 Ne6 39. Bxa5 Qb7 40. Qxh4 Nd4+ 41. Kg2 Nxb5 42. axb5 Qxb5 43. Bc3 Qe2+ 44. Kg3 d4 0-1

[Event "Quebec op"]
[Site "Montreal CAN"]
[Date "2003.07.23"]
[Round "9"]
[White "Hebert, Jean"]
[Black "Mikhalevski, Victor"]
[Result "0-1"]
[WhiteElo "2422"]
[BlackElo "2523"]
[PlyCount "104"]
[GameId "2160767911302035"]
[EventDate "2003.07.12"]
[EventType "swiss"]
[EventRounds "9"]
[EventCountry "CAN"]
[SourceTitle "CBM 095 Extra"]
[Source "ChessBase"]
[SourceDate "2003.09.04"]
[SourceVersion "1"]
[SourceVersionDate "2003.09.04"]
[SourceQuality "1"]

1. c4 Nf6 2. Nf3 g6 3. Nc3 d5 4. cxd5 Nxd5 5. Qb3 Nb6 6. d4 Bg7 7. Bg5 O-O 8. Rd1 a5 9. e3 a4 10. Qc2 Nc6 11. a3 Ra5 12. Ne4 Qd5 13. h3 f5 14. Nc3 Qf7 15. Bf4 e5 16. dxe5 Nxe5 17. Nb5 Nxf3+ 18. gxf3 c6 19. Nd6 Qa2 20. Nxc8 Rxc8 21. Bd3 Qxb2 22. Qxb2 Bxb2 23. Rb1 Bc3+ 24. Kd1 Nd5 25. Rxb7 Nxf4 26. exf4 Kh8 27. Ke2 Re8+ 28. Kd1 Rd8 29. Ke2 Re8+ 30. Kd1 Rd5 31. Kc2 Rc5 32. Kb1 Re1+ 33. Rxe1 Bxe1 34. Bc2 Rc4 35. Ra7 Rxf4 36. Bxa4 Rxf3 37. Bxc6 Rxh3 38. Ka2 Rc3 39. Bd5 Bxf2 40. Ra8+ Kg7 41. a4 Rh3 42. a5 Rd3 43. Bb7 h5 44. a6 Rd7 45. Rc8 h4 46. Rc3 Ba7 47. Kb1 Kf6 48. Rc6+ Kg5 49. Re6 h3 50. Kc2 Rg7 51. Kd3 Kf4 52. Ke2 Rxb7 0-1

[Event "Quebec-ch Inv"]
[Site "Montreal CAN"]
[Date "2003.06.26"]
[Round "1"]
[White "Hebert, Jean"]
[Black "Roussel-Roozmon, Thomas"]
[Result "1/2-1/2"]
[WhiteElo "2417"]
[BlackElo "2244"]
[PlyCount "41"]
[GameId "2160767911302241"]
[EventDate "2003.06.26"]
[EventType "tourn"]
[EventRounds "9"]
[EventCountry "CAN"]
[EventCategory "3"]
[SourceTitle "EXT 2004"]
[Source "ChessBase"]
[SourceDate "2003.11.25"]
[SourceVersion "1"]
[SourceVersionDate "2003.11.25"]
[SourceQuality "1"]

1. c4 c5 2. g3 Nc6 3. Nf3 e5 4. Nc3 g6 5. a3 Bg7 6. b4 d6 7. b5 e4 8. bxc6 exf3 9. Qa4 Kf8 10. Rb1 bxc6 11. Qxc6 Bf5 12. e4 Bxc3 13. exf5 Qe8+ 14. Qxe8+ Rxe8+ 15. Kd1 Bd4 16. Bd3 Nf6 17. h3 Kg7 18. Bb2 Bxb2 19. Rxb2 Ne4 20. Bxe4 Rxe4 21. fxg6 1/2-1/2

[Event "Quebec-ch Inv"]
[Site "Montreal CAN"]
[Date "2003.06.27"]
[Round "2"]
[White "Hebert, Jean"]
[Black "Pruess, David"]
[Result "0-1"]
[WhiteElo "2417"]
[BlackElo "2331"]
[PlyCount "60"]
[GameId "2160767911302244"]
[EventDate "2003.06.26"]
[EventType "tourn"]
[EventRounds "9"]
[EventCountry "CAN"]
[EventCategory "3"]
[SourceTitle "EXT 2004"]
[Source "ChessBase"]
[SourceDate "2003.11.25"]
[SourceVersion "1"]
[SourceVersionDate "2003.11.25"]
[SourceQuality "1"]

1. d4 d5 2. Nf3 c6 3. c4 e6 4. e3 Nf6 5. Bd3 Nbd7 6. O-O Bd6 7. Nbd2 O-O 8. e4 e5 9. cxd5 cxd5 10. exd5 exd4 11. Nc4 Bc5 12. Qe2 b5 13. Ncd2 Bb7 14. Bxb5 Rc8 15. Nb3 Bb6 16. Qd1 Ne5 17. Nxe5 Qxd5 18. Qf3 Qxb5 19. Qxb7 Qxe5 20. Qf3 Rc2 21. a4 d3 22. Nd2 Rd8 23. Rb1 Qe2 24. Nb3 Ng4 25. Bd2 Qe6 26. a5 Bxf2+ 27. Rxf2 Nxf2 28. Qb7 Ne4 29. Re1 f5 30. Be3 Qf7 0-1

[Event "Quebec-ch Inv"]
[Site "Montreal CAN"]
[Date "2003.06.28"]
[Round "3"]
[White "Hua, Lefong"]
[Black "Hebert, Jean"]
[Result "1/2-1/2"]
[WhiteElo "2267"]
[BlackElo "2417"]
[PlyCount "96"]
[GameId "2160767911302251"]
[EventDate "2003.06.26"]
[EventType "tourn"]
[EventRounds "9"]
[EventCountry "CAN"]
[EventCategory "3"]
[SourceTitle "EXT 2004"]
[Source "ChessBase"]
[SourceDate "2003.11.25"]
[SourceVersion "1"]
[SourceVersionDate "2003.11.25"]
[SourceQuality "1"]

1. d4 Nf6 2. c4 d6 3. Nc3 g6 4. e4 Bg7 5. f4 O-O 6. Nf3 c5 7. d5 e6 8. Be2 exd5 9. cxd5 Bg4 10. O-O Nbd7 11. Re1 Re8 12. h3 Bxf3 13. Bxf3 c4 14. Be3 Qa5 15. Re2 Nc5 16. e5 dxe5 17. fxe5 Rxe5 18. Qd4 Ncd7 19. Qxc4 Rae8 20. Rae1 Bf8 21. Bd4 Rxe2 22. Rxe2 Rxe2 23. Qxe2 Bc5 24. Qe3 Qb6 25. Bxc5 Nxc5 26. Qd4 Ne8 27. b4 Nd7 28. Qxb6 Nxb6 29. Kf2 Nd6 30. Ne4 Nxe4+ 31. Bxe4 Nc4 32. Bd3 Nd6 33. Ke3 f6 34. Kd4 b6 35. a4 g5 36. Bc2 h6 37. Bd3 Kf7 38. g3 Ke7 39. Bg6 Kd7 40. h4 Kc7 41. hxg5 hxg5 42. g4 Nc8 43. Bc2 Ne7 44. Ke4 Kd6 45. Bb3 f5+ 46. gxf5 Ng8 47. Bc4 Nf6+ 48. Kd4 Nd7 1/2-1/2

[Event "Quebec-ch Inv"]
[Site "Montreal CAN"]
[Date "2003.06.29"]
[Round "4"]
[White "Hebert, Jean"]
[Black "Feoktistov, Dmitri"]
[Result "1-0"]
[WhiteElo "2417"]
[BlackElo "2125"]
[PlyCount "105"]
[GameId "2160767911302254"]
[EventDate "2003.06.26"]
[EventType "tourn"]
[EventRounds "9"]
[EventCountry "CAN"]
[EventCategory "3"]
[SourceTitle "EXT 2004"]
[Source "ChessBase"]
[SourceDate "2003.11.25"]
[SourceVersion "1"]
[SourceVersionDate "2003.11.25"]
[SourceQuality "1"]

1. e4 c6 2. d4 d5 3. exd5 cxd5 4. c4 Nf6 5. Nc3 Nc6 6. Bg5 Be6 7. a3 Qd7 8. Bxf6 gxf6 9. c5 Bg7 10. Bb5 O-O 11. Nge2 Qc7 12. O-O Rad8 13. Ng3 Qf4 14. Nce2 Qc7 15. Rc1 Bg4 16. f3 Bc8 17. Qd3 e6 18. Bxc6 bxc6 19. Nh5 f5 20. Nxg7 Kxg7 21. b4 f6 22. f4 Bd7 23. a4 Rb8 24. Rb1 Rb7 25. Rb3 Rfb8 26. Rfb1 Be8 27. Qe3 Bf7 28. Nc1 Kh8 29. Nd3 Kg7 30. Qg3+ Bg6 31. Qe1 Qd7 32. Qc3 Be8 33. R3b2 Kh8 34. Re1 Qc8 35. Reb1 Qd7 36. Qe1 Bf7 37. Rc1 Rc7 38. Rc3 Kg7 39. b5 cxb5 40. c6 Qc8 41. axb5 a6 42. Qa1 Rxb5 43. Rxb5 axb5 44. Nb4 Be8 45. Qa5 Kf7 46. Qb6 Kg7 47. h3 Kf7 48. Kh2 Kg7 49. Ra3 Kg8 50. Ra8 Qxa8 51. Qxc7 Qa3 52. Qe7 Qe3 53. Nxd5 1-0

[Event "Quebec-ch Inv"]
[Site "Montreal CAN"]
[Date "2003.06.30"]
[Round "5"]
[White "Duong, Thanh Nha"]
[Black "Hebert, Jean"]
[Result "1/2-1/2"]
[WhiteElo "2314"]
[BlackElo "2417"]
[PlyCount "163"]
[GameId "2160767911302259"]
[EventDate "2003.06.26"]
[EventType "tourn"]
[EventRounds "9"]
[EventCountry "CAN"]
[EventCategory "3"]
[SourceTitle "EXT 2004"]
[Source "ChessBase"]
[SourceDate "2003.11.25"]
[SourceVersion "1"]
[SourceVersionDate "2003.11.25"]
[SourceQuality "1"]

1. Nf3 Nf6 2. c4 g6 3. Nc3 Bg7 4. d4 O-O 5. e4 d6 6. Be2 e5 7. dxe5 dxe5 8. Qxd8 Rxd8 9. Bg5 c6 10. O-O Re8 11. Rfd1 h6 12. Bxf6 Bxf6 13. a3 Be6 14. h3 Nd7 15. Nd2 Bg5 16. b4 Bxd2 17. Rxd2 a5 18. Rdd1 Rec8 19. Rdb1 Ra7 20. Nd1 axb4 21. axb4 Rca8 22. Rxa7 Rxa7 23. Ne3 Nf6 24. Bf3 Kf8 25. Kf1 Ra2 26. Ke1 Ke7 27. h4 h5 28. g3 b6 29. b5 c5 30. Rc1 Ra3 31. Kd2 Ne8 32. Be2 Nd6 33. f3 Nb7 34. Rc3 Ra1 35. Rc1 Ra4 36. Bd1 Rb4 37. Kd3 Na5 38. f4 f6 39. Rc3 Rb2 40. Bc2 Ra2 41. fxe5 fxe5 42. Bd1 Rh2 43. Be2 Rf2 44. Ra3 Kd6 45. Rc3 Kc7 46. Bd1 Rf8 47. Be2 Rd8+ 48. Nd5+ Bxd5 49. exd5 Rf8 50. Ke3 Nb7 51. Bd3 Nd6 52. Be4 Rg8 53. Bf3 e4 54. Be2 Rf8 55. g4 hxg4 56. Bxg4 Rh8 57. Kf4 Rxh4 58. Kg5 Rh2 59. Kxg6 Rf2 60. Re3 Kd8 61. Kg5 Ke7 62. Be2 Rg2+ 63. Bg4 Rg1 64. Re2 Rc1 65. Ra2 Nxc4 66. Kf4 e3 67. Be2 Kd6 68. Ke4 Rc3 69. Ra6 Nd2+ 70. Kf4 Kxd5 71. Rxb6 Rb3 72. Rb8 c4 73. b6 Kc6 74. Bf3+ Nxf3 75. Kxf3 Rc3 76. b7 Kc7 77. Re8 Kxb7 78. Rxe3 Rc1 79. Ke2 Kc6 80. Kd2 Ra1 81. Re5 Ra3 82. Kc2 1/2-1/2

[Event "Quebec-ch Inv"]
[Site "Montreal CAN"]
[Date "2003.07.02"]
[Round "6"]
[White "Hebert, Jean"]
[Black "Voskanyan, Vahagn"]
[Result "1-0"]
[WhiteElo "2417"]
[BlackElo "2314"]
[PlyCount "63"]
[GameId "2160767911302264"]
[EventDate "2003.06.26"]
[EventType "tourn"]
[EventRounds "9"]
[EventCountry "CAN"]
[EventCategory "3"]
[SourceTitle "EXT 2004"]
[Source "ChessBase"]
[SourceDate "2003.11.25"]
[SourceVersion "1"]
[SourceVersionDate "2003.11.25"]
[SourceQuality "1"]

1. e4 c6 2. d4 d5 3. exd5 cxd5 4. c4 Nf6 5. Nc3 g6 6. cxd5 Bg7 7. Bb5+ Bd7 8. Bc4 O-O 9. Nf3 Bg4 10. h3 Bxf3 11. Qxf3 Nbd7 12. Bb3 Nb6 13. Bg5 Qd7 14. O-O h6 15. Bxf6 Bxf6 16. Rad1 Rfd8 17. d6 Qxd6 18. Ne4 Qd7 19. Nxf6+ exf6 20. Qxf6 Nd5 21. Qe5 a5 22. a3 Ra6 23. Rfe1 Rb6 24. Qg3 Ne7 25. Qf3 Nf5 26. d5 a4 27. Bc2 Rxb2 28. Re2 Rb6 29. Re5 Nd6 30. Rde1 Nc4 31. Re7 Qxd5 32. Rd1 1-0

[Event "Quebec-ch Inv"]
[Site "Montreal CAN"]
[Date "2003.07.03"]
[Round "7"]
[White "Maly, Alexey"]
[Black "Hebert, Jean"]
[Result "1/2-1/2"]
[WhiteElo "2366"]
[BlackElo "2417"]
[PlyCount "138"]
[GameId "2160767911302272"]
[EventDate "2003.06.26"]
[EventType "tourn"]
[EventRounds "9"]
[EventCountry "CAN"]
[EventCategory "3"]
[SourceTitle "EXT 2004"]
[Source "ChessBase"]
[SourceDate "2003.11.25"]
[SourceVersion "1"]
[SourceVersionDate "2003.11.25"]
[SourceQuality "1"]

1. d4 Nf6 2. c4 g6 3. Nc3 Bg7 4. e4 d6 5. Nf3 O-O 6. Be2 Bg4 7. O-O Nfd7 8. Be3 a5 9. Ne1 Bxe2 10. Qxe2 Nc6 11. Nc2 e5 12. Rfd1 f5 13. exf5 gxf5 14. f4 exd4 15. Nxd4 Nxd4 16. Bxd4 Bxd4+ 17. Rxd4 Nc5 18. Re1 Re8 19. Qf2 Qf6 20. Rd2 c6 21. Rde2 Kf8 22. h3 Re6 23. Rxe6 Nxe6 24. Qb6 Nc5 25. Qc7 Qd4+ 26. Kh1 Re8 27. Rxe8+ Kxe8 28. Qc8+ Ke7 29. Qxf5 Qd3 30. Qg5+ Kf7 31. Qh5+ Kg7 32. Qd1 Qxc4 33. Qxd6 Qf1+ 34. Kh2 Nd3 35. Qe7+ Kg6 36. Qg5+ Kf7 37. f5 Qe1 38. f6 Qe5+ 39. Qxe5 Nxe5 40. Ne4 b5 41. Kg3 Kg6 42. b3 Kf5 43. Nc5 h6 44. a3 Kxf6 45. a4 bxa4 46. Nxa4 Nd3 47. Kh4 c5 48. Kh5 Kg7 49. g3 Kh7 50. h4 Kg7 51. Kg4 Kf6 52. Kf3 c4 53. bxc4 Ne5+ 54. Kf4 Nxc4 55. g4 Kg6 56. Ke4 Nd6+ 57. Ke5 Nc4+ 58. Ke4 Nd6+ 59. Ke5 Nc4+ 60. Kd4 Nd2 61. Ke3 Nc4+ 62. Ke4 Nd6+ 63. Kd5 Nf5 64. gxf5+ Kxf5 65. h5 Kg5 66. Ke5 Kxh5 67. Kf5 Kh4 68. Kf4 Kh5 69. Kf5 Kh4 1/2-1/2

[Event "Quebec-ch Inv"]
[Site "Montreal CAN"]
[Date "2003.07.04"]
[Round "8"]
[White "Hebert, Jean"]
[Black "Kleinplatz, Sam"]
[Result "1-0"]
[WhiteElo "2417"]
[BlackElo "2312"]
[PlyCount "50"]
[GameId "2160767911302275"]
[EventDate "2003.06.26"]
[EventType "tourn"]
[EventRounds "9"]
[EventCountry "CAN"]
[EventCategory "3"]
[SourceTitle "EXT 2004"]
[Source "ChessBase"]
[SourceDate "2003.11.25"]
[SourceVersion "1"]
[SourceVersionDate "2003.11.25"]
[SourceQuality "1"]

1. Nf3 Nf6 2. c4 g6 3. Nc3 d5 4. Qa4+ c6 5. cxd5 Nxd5 6. Nxd5 Qxd5 7. e4 Qd8 8. d4 Bg7 9. Be3 O-O 10. O-O-O a5 11. h4 Bg4 12. Rd2 Na6 13. Ne5 b5 14. Qc2 Nb4 15. Qc5 Be6 16. a3 Na6 17. Qc2 Bxe5 18. dxe5 Qc7 19. f4 a4 20. h5 Rfd8 21. hxg6 fxg6 22. f5 Rxd2 23. Bxd2 Bf7 24. e6 Be8 25. Qc3 c5 1-0

[Event "Quebec-ch Inv"]
[Site "Montreal CAN"]
[Date "2003.07.05"]
[Round "9"]
[White "Schleifer, Michael"]
[Black "Hebert, Jean"]
[Result "1/2-1/2"]
[WhiteElo "2356"]
[BlackElo "2417"]
[PlyCount "86"]
[GameId "2160767911302282"]
[EventDate "2003.06.26"]
[EventType "tourn"]
[EventRounds "9"]
[EventCountry "CAN"]
[EventCategory "3"]
[SourceTitle "EXT 2004"]
[Source "ChessBase"]
[SourceDate "2003.11.25"]
[SourceVersion "1"]
[SourceVersionDate "2003.11.25"]
[SourceQuality "1"]

1. Nf3 Nf6 2. d4 g6 3. Bf4 Bg7 4. h3 d6 5. e3 O-O 6. Be2 c5 7. Nbd2 cxd4 8. exd4 Nc6 9. c3 Nd5 10. Bh2 e5 11. dxe5 dxe5 12. O-O Be6 13. Ne4 Qb6 14. Nfg5 Nc7 15. Nxe6 Nxe6 16. Qb3 Qc7 17. Rfd1 Na5 18. Qa4 Rad8 19. b4 Nc4 20. Rxd8 Rxd8 21. Qxa7 Nb6 22. Qa3 h6 23. Qb3 Kh7 24. Bg3 Qe7 25. Rd1 Nf4 26. Bb5 f5 27. Rxd8 Qxd8 28. Nc5 Qe7 29. Bxf4 exf4 30. Ne6 Be5 31. a4 Nc8 32. Nd4 Nd6 33. Qd5 Bg7 34. Ne2 Ne4 35. Nxf4 Bxc3 36. Bc4 Qg7 37. b5 Bd4 38. Nd3 Bb6 39. Qf7 Nc3 40. Qxg7+ Kxg7 41. Bb3 Kf6 42. Kf1 g5 43. f3 h5 1/2-1/2

[Event "Futurity III"]
[Site "Montreal CAN"]
[Date "2003.04.17"]
[Round "2"]
[White "Lawson, Eric"]
[Black "Hebert, Jean"]
[Result "0-1"]
[WhiteElo "2279"]
[BlackElo "2417"]
[PlyCount "146"]
[GameId "2160767911303073"]
[EventDate "2003.04.16"]
[EventType "tourn"]
[EventRounds "9"]
[EventCountry "CAN"]
[SourceTitle "CBM 093 Extra"]
[Source "ChessBase"]
[SourceDate "2003.05.09"]
[SourceVersion "1"]
[SourceVersionDate "2003.05.09"]
[SourceQuality "1"]

1. d4 d5 2. c4 c6 3. Nf3 Nf6 4. Nc3 a6 5. c5 Nbd7 6. Bf4 Nh5 7. Bc1 Nhf6 8. Bf4 Nh5 9. Bc1 g6 10. e4 dxe4 11. Nxe4 Ndf6 12. Ned2 Nd5 13. Bc4 Bg7 14. O-O O-O 15. Re1 Nhf4 16. Ne4 Bg4 17. Neg5 e6 18. h3 Bxf3 19. Nxf3 Qc7 20. Ne5 Rad8 21. Qf3 f6 22. Nd3 Nxd3 23. Qxd3 Rfe8 24. Bd2 Kf7 25. Qa3 Rd7 26. Rad1 f5 27. Bg5 h6 28. Bc1 Qd8 29. Qb3 Ree7 30. h4 Qh8 31. Qd3 Nc7 32. h5 Qh7 33. Be3 gxh5 34. Qe2 Qg6 35. Bf4 Nd5 36. Bd6 Re8 37. Bxd5 cxd5 38. b4 h4 39. Rd3 Bf6 40. a4 Bd8 41. Re3 Bg5 42. Rb3 Bf6 43. b5 Bxd4 44. bxa6 Rg8 45. Qf3 bxa6 46. Rb6 a5 47. Reb1 Rc8 48. Rb7 Rxb7 49. Rxb7+ Kg8 50. Qd3 Qg4 51. Qb5 h3 52. g3 Qf3 53. Qf1 e5 54. Kh2 e4 55. Qxh3 Qxf2+ 56. Qg2 Bxc5 57. Qxf2 Bxf2 58. Be5 Rc2 59. Kh3 e3 60. Kg2 Rc4 61. Kf3 Rxa4 62. Rd7 Re4 63. Rxd5 e2 64. Bc3 e1=Q 65. Bxe1 Bxe1 66. Rxf5 Re6 67. Rb5 Bb4 68. Rb7 Re7 69. Rb8+ Kg7 70. Kg4 Ra7 71. Kh5 Be7 72. g4 a4 73. g5 Bxg5 0-1

[Event "Futurity III"]
[Site "Montreal CAN"]
[Date "2003.04.19"]
[Round "4"]
[White "Hebert, Jean"]
[Black "Gilman, Arkadiy"]
[Result "1-0"]
[WhiteElo "2417"]
[BlackElo "2222"]
[PlyCount "33"]
[GameId "2160767911303083"]
[EventDate "2003.04.16"]
[EventType "tourn"]
[EventRounds "9"]
[EventCountry "CAN"]
[SourceTitle "CBM 093 Extra"]
[Source "ChessBase"]
[SourceDate "2003.05.09"]
[SourceVersion "1"]
[SourceVersionDate "2003.05.09"]
[SourceQuality "1"]

1. e4 e6 2. d4 d5 3. Nc3 Nf6 4. e5 Nfd7 5. f4 c5 6. Nf3 Nc6 7. Be3 cxd4 8. Nxd4 Bc5 9. Qd2 a6 10. O-O-O Nxd4 11. Bxd4 O-O 12. Kb1 f6 13. Bxc5 Nxc5 14. Qd4 Qc7 15. exf6 Rxf6 16. g3 b5 17. Nxd5 1-0

[Event "Futurity III"]
[Site "Montreal CAN"]
[Date "2003.04.21"]
[Round "5"]
[White "Duong, Thanh Nha"]
[Black "Hebert, Jean"]
[Result "1/2-1/2"]
[WhiteElo "2314"]
[BlackElo "2417"]
[PlyCount "104"]
[GameId "2160767911303089"]
[EventDate "2003.04.16"]
[EventType "tourn"]
[EventRounds "9"]
[EventCountry "CAN"]
[SourceTitle "CBM 093 Extra"]
[Source "ChessBase"]
[SourceDate "2003.05.09"]
[SourceVersion "1"]
[SourceVersionDate "2003.05.09"]
[SourceQuality "1"]

1. d4 Nf6 2. c4 g6 3. Nc3 Bg7 4. e4 O-O 5. Be2 d6 6. Bg5 Na6 7. h4 h6 8. Be3 e5 9. d5 Nc5 10. f3 Nh5 11. Qd2 Nf4 12. Rh2 f5 13. g3 Nxe2 14. Ngxe2 fxe4 15. fxe4 Kh7 16. h5 g5 17. O-O-O Bg4 18. Re1 a6 19. Kb1 Qe7 20. Ng1 Qd7 21. Bxc5 dxc5 22. Nd1 Bxd1 23. Qxd1 b5 24. Rc2 Rf6 25. Qe2 b4 26. Rcc1 Raf8 27. Rf1 Qf7 28. Rxf6 Qxf6 29. a3 a5 30. Qe3 Qe7 31. Qe2 Qf7 32. Qe3 Qxh5 33. axb4 axb4 34. Qxc5 Qh1 35. Qe3 Qg2 36. Re1 Rf2 37. Ne2 Rf3 38. Qg1 Qh3 39. c5 Qg4 40. Nc1 Rxg3 41. Qf1 Rf3 42. Qc4 Qd7 43. Rd1 g4 44. d6 c6 45. Rf1 h5 46. Rxf3 gxf3 47. Nd3 Qg4 48. Qf7 Qxe4 49. Qxh5+ Kg8 50. Qe8+ Kh7 51. Qh5+ Kg8 52. Qe8+ Kh7 1/2-1/2

[Event "Futurity III"]
[Site "Montreal CAN"]
[Date "2003.04.22"]
[Round "6"]
[White "Hebert, Jean"]
[Black "Burnett, Ronald"]
[Result "1/2-1/2"]
[WhiteElo "2417"]
[BlackElo "2442"]
[PlyCount "72"]
[GameId "2160767911303094"]
[EventDate "2003.04.16"]
[EventType "tourn"]
[EventRounds "9"]
[EventCountry "CAN"]
[SourceTitle "CBM 093 Extra"]
[Source "ChessBase"]
[SourceDate "2003.05.09"]
[SourceVersion "1"]
[SourceVersionDate "2003.05.09"]
[SourceQuality "1"]

1. d4 Nf6 2. c4 e6 3. Nf3 b6 4. a3 Bb7 5. Nc3 d5 6. cxd5 exd5 7. g3 Be7 8. Qa4+ c6 9. Bg2 O-O 10. O-O Na6 11. Bf4 c5 12. Rad1 Qc8 13. Qb3 Nc7 14. Be5 Ne4 15. dxc5 Nxc3 16. Qxc3 bxc5 17. Nd4 Ne8 18. Nb3 Qe6 19. Na5 d4 20. Qc4 Qxc4 21. Nxc4 Bxg2 22. Kxg2 f6 23. Bf4 g5 24. Bc1 Ng7 25. e3 Rfd8 26. Rfe1 Kf7 27. Rd3 h5 28. exd4 cxd4 29. Rf3 g4 30. Rf4 Rd5 31. Rfe4 Nf5 32. Bf4 Rc8 33. b3 Bf8 34. Rd1 Rc6 35. Ne3 Nxe3+ 36. Bxe3 Bxa3 1/2-1/2